K problematike sociálneho práva Európskej únie

Problematika sociálneho práva Európskej únie. Poukázanie na problémy pri vymedzení pojmu „sociálne právo Európskej únie“ z obsahového i formálneho hľadiska. Prístupy niektorých autorov k vymedzeniu predmetu sociálneho práva Európskej únie. Sociálne práva občanov Európskej únie. Dokumenty orientované...

Ausführliche Beschreibung

Gespeichert in:
Bibliographische Detailangaben
1. Verfasser: Rusiňák, Peter
Format: Buchkapitel
Sprache:Slowakisch
Schlagworte:
Tags: Tag hinzufügen
Keine Tags, Fügen Sie das erste Tag hinzu!

MARC

LEADER 00000nla$a2200000$$$4500
001 0117538
005 20240502072320.1
041 0 |a slo 
044 |a SK 
245 1 0 |a K problematike sociálneho práva Európskej únie  |c Peter Rusiňák 
520 |a Problematika sociálneho práva Európskej únie. Poukázanie na problémy pri vymedzení pojmu „sociálne právo Európskej únie“ z obsahového i formálneho hľadiska. Prístupy niektorých autorov k vymedzeniu predmetu sociálneho práva Európskej únie. Sociálne práva občanov Európskej únie. Dokumenty orientované na problematiku ľudských práv a práv sociálnych. 
610 2 0 |a právo sociálne 
610 2 0 |a právo medzinárodné 
610 2 0 |a práva ľudské 
610 2 0 |a ochrana práv občanov 
610 2 0 |a dokumenty 
610 2 0 |a Európska únia 
100 1 |a Rusiňák, Peter